Adivinhe a linguagem! - Statistics

Estatísticas Gerais
  • Esse quiz foi jogado 236 vezes
  • A pontuação média é 7 de 15
Estatísticas das Respostas
Questão Resposta % Correto
Can you speak Portuguese? Inglês
100%
¿Puedes hablar portugués? Espanhol
97%
해변으로 가자! Coreano
94%
Conosci il portoghese? Italiano
82%
ポルトガル語を話せますか? Japonês
74%
Kannst du Portugiesisch? Alemão
71%
¿Imaynataq kunan pacha pachaqa? Quíchua
38%
Menjünk a partra! Húngaro
29%
Förum á ströndina! Islandês
29%
Bolehkah anda bercakap bahasa Portugis? Malaio
29%
Cò ris a tha an aimsir coltach an-diugh? Gaélica Escocesa
21%
بیا بریم ساحل! Persa
21%
సముద్ర తీరానికి వెళ్దామా! Telugu
21%
ໄປຫາດຊາຍກັນເລີຍ! Laosiano
18%
Injani imozulu namhlanje? Xossa
6%
Nenhum quiz correspondente encontrado
Distribuição das Pontuações
Porcentagem de Pessoas com Cada Pontuação
Percentil de Números Respondidos
Sua Pontuação Histórica
Você não jogou esse quiz